Tác phẩm văn học nghệ thuật 2004-2006
שמור ב:
| מחבר תאגידי: | |
|---|---|
| פורמט: | ספר |
| שפה: | Vietnamese |
| יצא לאור: |
Hà Nội
Văn nghệ
2007
|
| נושאים: | |
| תגים: |
הוספת תג
אין תגיות, היה/י הראשונ/ה לתייג את הרשומה!
|
| Thư viện lưu trữ: | Trung tâm Học liệu Lê Vũ Hùng, Trường Đại học Đồng Tháp |
|---|
| LEADER | 00769pam a22002298a 4500 | ||
|---|---|---|---|
| 001 | 00034242 | ||
| 005 | 20200304100351.0 | ||
| 008 | 160525s2007 ||||||viesd | ||
| 041 | 0 | # | |a vie |
| 082 | 1 | 4 | |a 895.922 4 |b T101PH |
| 110 | 1 | # | |a Hội văn học nghệ thuật tỉnh Đồng Tháp |
| 245 | 1 | 0 | |a Tác phẩm văn học nghệ thuật 2004-2006 |
| 260 | # | # | |a Hà Nội |c 2007 |b Văn nghệ |
| 300 | # | # | |a 380 tr. |c 24 cm. |
| 653 | # | # | |a Nghệ thuật |
| 653 | # | # | |a Đồng Tháp |
| 653 | # | # | |a Văn học hiện đại |
| 653 | # | # | |a Tác phẩm |
| 852 | # | # | |b Kho đọc |j KD.0017775 |
| 852 | # | # | |j KD.0017775 |j KM.0033852 |
| 910 | 0 | # | |d 25/05/2016 |
| 980 | # | # | |a Trung tâm Học liệu Lê Vũ Hùng, Trường Đại học Đồng Tháp |